000 00801nam a2200277Ia 4500
001 Para_5253
003 CHAP
008 220125s1925 xx 000 0 und d
010 _a204617
040 _cCHAP
090 _aPA FOLLETO 2594
100 _aDixon, H. M
_933051
245 _aA method of analyzing the farm business /
_c by H. M. Dixon and H. W. Hawthorne
260 _aWashington :
_b Department of Agriculture
300 _a32 p.
440 _aEUA. Dept. of Agriculture Farmers'bull.; 1139
_9170555
650 _aAdministración rural.
_9138129
700 _aHawthorne, H. W.
_953164
901 _aPA FOLLETO 2594
902 _aA
905 _a0000001925 WAS 0000000000 00
910 _a1925
942 _cPARA
942 _cPARA
_d1
999 _c204617
_d204617